Lieux GTA V - Statistiques

Statistiques générales
  • Ce quiz a été pris 142 fois
  • Le résultat moyen est 5 sur 39
Statistiques - réponses
Réponse % Correct
Vinewood
56%
Paleto Bay
40%
Sandy Shores
40%
Mont Chiliad
35%
Port de South Los Santos
32%
Vespucci
32%
Aéroport International de Los Santos
25%
Rockford Hills
23%
Del Perro
19%
Lago Zancudo
19%
Grapeseed
18%
Little Seoul
17%
Mont Gordo
15%
La Puerta
14%
Downtown
12%
Grand Señora Desert
9%
Mont Josiah
9%
Alamo Sea
8%
Morningwood
8%
Vinewood Hills
8%
Richman
6%
South Los Santos
6%
Tongva Hills
6%
East Los Santos
5%
Great Chaparral
5%
Monts de San Chianski
4%
Monts Tataviam
4%
Pacific Bluffs
4%
Palomino Highlands
4%
Harmony
3%
Paleto Forest
3%
Parc National du Mont Chiliad
3%
Raton Canyon
3%
Backlot City
2%
Banham Canyon
2%
Braddock Pass
2%
Chumach
2%
Tongva Valley
2%
North Chumach
1%
Aucun quiz correspondant
Distribution des résultats
% des personnes avec chaque résultat
Percentile par nombre de réponses
Votre historique - résultats
Vous n’avez pas pris ce quiz